000 00640nam a2200157 i 4500
001 180716
003 ES-MaACL
005 20230906221154.0
008 120702s1884 ag |||| | spa d
245 0 0 _aInauguración de las escuelas comunes de la capital
_b: discursos : junio 1º de 1884.
260 _aBuenos Aires :
_b[s.n.],
_c1884 (
_fImp. y lit. La Tribuna Nacional)
300 _a22 p. ;
_c24 cm.
505 8 _aContiene: Discurso del presidente de la Comisión Nacional de Educación y Discurso del presidente de la república, Julio A. Roca
650 4 _aEnseñanza pública-
_zArgentina.
_9150815
852 _aES-MaACL
_jT-452-F-16
999 _c180716
_d180716